<?xml version="1.0" encoding="UTF-8"?>
<record
    xmlns:xsi="http://www.w3.org/2001/XMLSchema-instance"
    xsi:schemaLocation="http://www.loc.gov/MARC21/slim http://www.loc.gov/standards/marcxml/schema/MARC21slim.xsd"
    xmlns="http://www.loc.gov/MARC21/slim">

  <leader>00478nam a22001577a 4500</leader>
  <controlfield tag="003">OSt</controlfield>
  <controlfield tag="005">20220207152716.0</controlfield>
  <controlfield tag="008">220207b        |||||||| |||| 00| 0 eng d</controlfield>
  <datafield tag="040" ind1=" " ind2=" ">
    <subfield code="c">HU</subfield>
  </datafield>
  <datafield tag="082" ind1=" " ind2=" ">
    <subfield code="a">549.114</subfield>
  </datafield>
  <datafield tag="100" ind1=" " ind2=" ">
    <subfield code="a">PEARI RICHARD  M.</subfield>
    <subfield code="9">29828</subfield>
  </datafield>
  <datafield tag="245" ind1=" " ind2=" ">
    <subfield code="a">HOW TO KNOW THE MINERALS &amp; ROCKS </subfield>
  </datafield>
  <datafield tag="260" ind1=" " ind2=" ">
    <subfield code="a">NEW YORK</subfield>
    <subfield code="b">McGraw-Hill Book Company, Inc.</subfield>
    <subfield code="c">1955</subfield>
  </datafield>
  <datafield tag="300" ind1=" " ind2=" ">
    <subfield code="a">IV, 192p.</subfield>
    <subfield code="b">46 full-color photographs, 125 identified minerals &amp; rocks , pc</subfield>
    <subfield code="c">24cm.</subfield>
  </datafield>
  <datafield tag="942" ind1=" " ind2=" ">
    <subfield code="2">ddc</subfield>
    <subfield code="c">BOOKS</subfield>
    <subfield code="n">0</subfield>
  </datafield>
  <datafield tag="999" ind1=" " ind2=" ">
    <subfield code="c">29405</subfield>
    <subfield code="d">29405</subfield>
  </datafield>
  <datafield tag="952" ind1=" " ind2=" ">
    <subfield code="0">0</subfield>
    <subfield code="1">0</subfield>
    <subfield code="2">ddc</subfield>
    <subfield code="4">1</subfield>
    <subfield code="7">0</subfield>
    <subfield code="8">REF</subfield>
    <subfield code="a">004</subfield>
    <subfield code="b">004</subfield>
    <subfield code="c">GEN</subfield>
    <subfield code="d">2022-02-07</subfield>
    <subfield code="l">0</subfield>
    <subfield code="o">549.114 PEA 1955</subfield>
    <subfield code="p">WGCFNRL00010829</subfield>
    <subfield code="r">2022-02-07 00:00:00</subfield>
    <subfield code="t">1</subfield>
    <subfield code="w">2022-02-07</subfield>
    <subfield code="y">BOOKS</subfield>
  </datafield>
  <datafield tag="952" ind1=" " ind2=" ">
    <subfield code="0">0</subfield>
    <subfield code="1">0</subfield>
    <subfield code="2">ddc</subfield>
    <subfield code="4">1</subfield>
    <subfield code="7">0</subfield>
    <subfield code="8">REF</subfield>
    <subfield code="a">004</subfield>
    <subfield code="b">004</subfield>
    <subfield code="c">GEN</subfield>
    <subfield code="d">2022-02-07</subfield>
    <subfield code="l">0</subfield>
    <subfield code="o">549.114 PEA 1955</subfield>
    <subfield code="p">WGCFNRL00010830</subfield>
    <subfield code="r">2022-02-07 00:00:00</subfield>
    <subfield code="t">2</subfield>
    <subfield code="w">2022-02-07</subfield>
    <subfield code="y">BOOKS</subfield>
  </datafield>
  <datafield tag="952" ind1=" " ind2=" ">
    <subfield code="0">0</subfield>
    <subfield code="1">0</subfield>
    <subfield code="2">ddc</subfield>
    <subfield code="4">1</subfield>
    <subfield code="7">0</subfield>
    <subfield code="8">REF</subfield>
    <subfield code="a">004</subfield>
    <subfield code="b">004</subfield>
    <subfield code="c">GEN</subfield>
    <subfield code="d">2022-02-07</subfield>
    <subfield code="l">0</subfield>
    <subfield code="o">549.114 PEA 1955</subfield>
    <subfield code="p">WGCFNRL00010831</subfield>
    <subfield code="r">2022-02-07 00:00:00</subfield>
    <subfield code="t">3</subfield>
    <subfield code="w">2022-02-07</subfield>
    <subfield code="y">BOOKS</subfield>
  </datafield>
</record>
